[Event "ch-ISR 2013"]
[Site "Acre ISR"]
[Date "2013.04.13"]
[Round "8.9"]
[White "Caspi, I."]
[Black "Baron, Ta"]
[Result "0-1"]
[WhiteElo "2461"]
[BlackElo "2473"]
[PlyCount "78"]
[EventDate "2013.04.06"]
[SourceDate "2013.04.04"]

1. e4 c5 2. Nf3 Nc6 3. d4 cxd4 4. Nxd4 Nf6 5. Nc3 e5 6. Ndb5 d6 7. Bg5 a6 8.
Na3 b5 9. Bxf6 gxf6 10. Nd5 Bg7 11. Bd3 Ne7 12. Nxe7 Qxe7 13. O-O O-O 14. Qf3
f5 15. exf5 d5 16. Qxd5 Bb7 17. Qb3 e4 18. Rfe1 Rfd8 19. Bf1 Qh4 20. c3 Rd2 21.
g3 e3 22. Rxe3 Qh6 23. Re7 Bd5 24. Qb4 Rxf2 25. Kxf2 Qxh2+ 26. Ke1 Bf3 27. Qf4
Qxb2 28. f6 Qxa1+ 29. Kf2 Bh5 30. fxg7 Qxa2+ 31. Be2 Qxa3 32. Qe5 Bxe2 33. Kxe2
Rd8 34. Ke3 Qb3 35. Kf4 Qc4+ 36. Ke3 Rd3+ 37. Kf2 Qa2+ 38. Ke1 Qd2+ 39. Kf1
Rf3+ 0-1

[Event "Norderstedt"]
[Site "?"]
[Date "2013.04.01"]
[Round "?"]
[White "Miroshnichenko, E."]
[Black "Sergeev, V."]
[Result "1-0"]
[WhiteElo "2616"]
[BlackElo "2469"]
[PlyCount "63"]
[EventDate "2013.04.04"]
[SourceDate "2013.04.04"]

1. e4 Nf6 2. e5 Nd5 3. d4 c6 4. Nf3 g6 5. h4 d6 6. h5 Bg7 7. h6 Bf8 8. Be2 Bg4
9. Ng5 Bf5 10. g4 Bc8 11. Bd3 Nb4 12. Bc4 d5 13. Bb3 f6 14. c3 N4a6 15. Nxh7
Rxh7 16. Bc2 Rh8 17. Bxg6+ Kd7 18. Qf3 fxe5 19. Qf5+ e6 20. Qxe5 Be7 21. g5 c5
22. Bf7 Bd6 23. Qg7 Kc6 24. Be3 cxd4 25. cxd4 Bf8 26. Qg6 Kb6 27. Nc3 Nc6 28.
Na4+ Ka5 29. Qc2 Ncb4 30. Bd2 Qxg5 31. a3 Kb5 32. Be8+ 1-0

[Event "15th Dubai Open 2013"]
[Site "Dubai UAE"]
[Date "2013.04.10"]
[Round "4.5"]
[White "Ganguly, S."]
[Black "Rakhmanov, Ale"]
[Result "0-1"]
[WhiteElo "2623"]
[BlackElo "2591"]
[PlyCount "92"]
[EventDate "2013.04.07"]
[SourceDate "2013.04.04"]

1. d4 Nf6 2. c4 d6 3. Nc3 e5 4. Nf3 Nc6 5. d5 Ne7 6. e4 Ng6 7. g3 Be7 8. Bg2
O-O 9. O-O a5 10. h3 Ne8 11. Be3 f5 12. exf5 Bxf5 13. Kh2 h6 14. Qe2 Nf6 15.
Nd2 b6 16. b3 Nh7 17. Nde4 Bg5 18. Nxg5 Nxg5 19. a3 Qf6 20. Qd2 Nxh3 21. Bxh3
Bxh3 22. Kxh3 Qf5+ 23. Kh2 Qh5+ 24. Kg1 Rf3 25. Ne2 Raf8 26. Kg2 Qg4 27. Rh1
Rxf2+ 28. Bxf2 Qf3+ 29. Kh2 Qxf2+ 30. Kh3 Qf5+ 31. Kh2 Qf2+ 32. Kh3 Rf5 33. Qd3
Rh5+ 34. Kg4 Rg5+ 35. Kh3 Rh5+ 36. Kg4 Rg5+ 37. Kh3 e4 38. Qxe4 Rh5+ 39. Kg4
Rg5+ 40. Kh3 Ne5 41. g4 h5 42. Ng3 hxg4+ 43. Kh4 Rh5+ 44. Kxh5 Qf7+ 45. Kh4
Qf6+ 46. Kh5 Qh6# 0-1